Представление документа в формате MARC21

Поле Инд. ПП Название Значение
Тип записи a
Библиографический уровень a
001 Контрольный номер 259f47ce20ef4fe199e3a7e483c161a2
005 Дата корректировки 20260703152922.1
040 a Служба первич. каталог. 10013504
041 0_ a Код языка текста rus
245 10 a Заглавие К вопросу алитирования нержавеющей стали
260 a Место издания Москва
b Издательство МАИ
504 a Библиография Библиогр.: с.129 (3 назв.)
653 0_ a Ключевые слова АВТОР МАИ; НЕРЖАВЕЮЩИЕ СТАЛИ-НАСЫЩЕНИЕ
700 12 a Другие авторы Ушаков Б.А.
700 12 a Другие авторы Дубинин Г.Н.
q Полное имя Дубинин Георгий Николаевич
700 12 a Другие авторы Саперов В.П.
700 12 a Другие авторы Карякина Н.В.
q Полное имя Карякина Надежда Васильевна
773 18 a Заголовок основной записи Московский авиационный институт им. С. Орджоникидзе
w Контрольный № источника d62d2c63ed474c1d8601f9bce85f9d7d
t Название источника Труды института
d Место и дата издания Москва : МАИ, 1971
g Прочая информация Вып. 228. - С.125-129, 1 л. ил.
901 t Тип документа a